|
|
|
|
| LEADER |
01378pam a22003258a 4500 |
| 001 |
00045337 |
| 005 |
20191231141247.0 |
| 008 |
170516s2006 ||||||Viesd |
| 020 |
# |
# |
|c 0
|a 9786049227295
|
| 041 |
0 |
# |
|a Vie
|
| 082 |
1 |
# |
|a 351
|b L557KH
|
| 245 |
0 |
0 |
|a Lược khảo cơ sở lý thuyết về phong cách lãnh đạo, động lực phụng sự công và hành vi công chức
|c Lưu Trọng Tuấn (ch.b), Đinh Công Khải,.. [và những người khác]
|b Sách chuyên khảo
|
| 260 |
# |
# |
|a Tp. Hồ Chí Minh
|b Kinh tế Tp. Hồ Chí Minh
|c 2019
|
| 300 |
# |
# |
|a 263 tr.
|c 24 cm.
|
| 500 |
# |
# |
|a Đầu bìa sách ghi: Trường Đại học Kinh tế Tp. Hồ Chí Minh. Khoa Quản lý Nhà Nước
|
| 541 |
# |
# |
|a tặng, giá bìa 145000
|
| 653 |
# |
# |
|a Hành chính công
|
| 653 |
# |
# |
|a Công chức
|
| 653 |
# |
# |
|a Nghiên cứu hành vi
|
| 653 |
# |
# |
|a Thang đo
|
| 653 |
# |
# |
|a Phong cách lãnh đạo
|
| 700 |
# |
# |
|a Lưu, Trọng Tuấn
|
| 700 |
# |
# |
|a Nguyễn, Hoàng Kim
|
| 700 |
# |
# |
|a Nguyễn, Thị Hồng Nhung
|
| 700 |
# |
# |
|a Võ, Thị Thảo Nguyên
|
| 700 |
# |
# |
|a Đinh, Công Khải
|
| 700 |
# |
# |
|e Chủ biên
|
| 852 |
# |
# |
|j KM.0033784
|j KD.0026675
|
| 910 |
# |
# |
|d 31/12/2019
|
| 980 |
# |
# |
|a Trung tâm Học liệu Lê Vũ Hùng, Trường Đại học Đồng Tháp
|